000 01700 a2200265 4500
001 36959
005 20260407155641.0
008 260407a1995 arg spa d
003 AR-UNSa-BCEJYS
040 _aAR-UNSa-BCEJYS
_bspa
_cAR-UNSa-BCEJYS
080 _a658.5
_xPlanificación y control de la producción
245 1 0 _aSistemas de planificación y control de la fabricación
020 _a84-8086-195-9
250 _a3a. ed
264 1 _aBarcelona :
_bIrwin
_c1995
300 _a867 p.
_c25 cm.
505 _a1. Planificación y control de la fabricación - 2. Planificación de requerimientos de materiales - 3. Justo a tiempo - 4. Planificación de capacidad - 5. Control de la actividad de producción - 6. El programa maestro de producción - 7. Planificación de la producción - 8. Administración de la demanda - 9. Sistemas MPC integrados - 10. Puesta en marcha de los sistemas MPC - 11. Conceptos avanzados en planificación de requerimientos de materiales - 12. Conceptos avanzados en justo a tiempo - 13. Conceptos avanzados en programación - 14. Conceptos avanzados en el programa maestro de producción - 15. Conceptos avanzados en planificación de la producción - 16. Sistema de pronóstico a corto plazo - 17. Administración del inventario en artículos con demanda independiente - 18. Planificación de requerimientos de distribución - 19. Límites del sistema MPC.
942 _cBK
590 _aniveau_biblio:m niveau_hierar:0
100 1 _aVollmann, Thomas E.
700 1 _aBerry, William L.
700 1 _aCornejo Reyes, Sergio S.
700 1 _aWhybark, D.Clay
856 4 1 _uhttps://170.210.207.44/pmb/images/libros/L65286.jpg
_yImagen de portada
_qimage/jpeg
999 _c2694
_d2694